Catalog

Record Details

Catalog Search



Gerechtigkeit zwischen den Generationen / Micha Brumlik

Brumlik, Micha (Author).

Record details

  • ISBN: 3-8270-0175-7
  • Physical Description: 136 S.
  • Publisher: Berlin : Berlin-Verl., 1995

Available copies

  • 1 of 1 copy available at Common Catalog SPOK.

Holds

  • 0 current holds with 1 total copy.
Show Only Available Copies
Location Call Number / Copy Notes Barcode Shelving Location Status Due Date
Terezin Initiative Institute 358 4594300358 Knihovna ITI Available -

LDR 00418nam a2200157 4500
00125388
003CZ-PrJAB
00520221122052917.0
008101008s1995 gw ||||gr|||||||||0|ger||
020 . ‡a3-8270-0175-7
035 . ‡a(CONS)190
035 . ‡a(CZ PrSKC)PPN544377273
040 . ‡aABE449 ‡bger
1001 . ‡aBrumlik, Micha ‡4aut
24510. ‡aGerechtigkeit zwischen den Generationen / ‡cMicha Brumlik
260 . ‡aBerlin : ‡bBerlin-Verl., ‡c1995
300 . ‡a136 S.
8524 . ‡bJACH-ITI ‡bJACH-ITI ‡cKnihovna ITI ‡j358 ‡p358 ‡y$0.00
910 . ‡aABE340 ‡b358
995 . ‡askok
901 . ‡a25388 ‡bISxN ‡c25388 ‡tbiblio

Additional Resources